000
00245 a2200097 4500
001
19002
100
_a
A S M E
245
_a
Intruments & Apparatus Densily Diterminations of Solid & Liquids PT-16
260
_a
_b
A S M E
_c
090
_c
14080
_d
14080
942
_a
NUST-CAE
_c
_c
4537
999
_c
254075
_d
254075